000 01623nam0a2200385 4500
001 RU\NLR\bibl\325337
005 20250630111142.0
010 _a5-88313-275-8
_9100
021 _aRU
_b2002-33078
_91631
035 _a(NLR Aleph) 000320339
090 _a93203
_c93203
100 _a20021016d2001 |||y0rusy50 ca
101 0 _arus
102 _aRU
105 _ay |||||||||
200 1 _aЭтико-аксиологические аспекты памяти в образной структуре художественного произведения
_fН. З. Коковина
_gМ-во образования Рос. Федерации, Курс. гос. пед. ун-т
210 _aКурск
_cИзд-во КГПУ
_d2001
215 _a187,[1] с.
_cил.
_d21
320 _aБиблиогр. в примеч.: 176-186
606 0 _aПамять
_xв художественном произведении
_92268389
_3RU\NLR\auth\661359713
606 0 _aРусская литература
_xОбразы
_z19 в.
_91016035
_3RU\NLR\auth\6669845
610 0 _aОбраз художественный
610 0 _aХудожественные произведения - Анализ
610 0 _aРусская литературы
675 _a82.161.1.09
_v3
_zrus
686 _a17
_2rugasnti
686 _a83.3(2Рос-Рус)
_2rubbk
686 _aШ5(2=Р)5-34
700 1 _aКоковина
_bН. З.
_gНаталья Захаровна
_4070
801 0 _aRU
_bRKP
_c20021016
_gPSBO
801 1 _aRU
_bRKP
_c20021016
801 2 _aRU
_bNLR
_c20021218
_grcr
942 _cBOOK
980 _aNB